000
00363nam a2200133Ia 4500
008
231129s9999||||xx |||||||||||||| ||spa||
020
_a
0-13-906768-X
040
_b
spa
082
_a
536.762 B199t
100
_a
Balzhiser Richard E
245
0
_a
Termodinamica para ingenieros
264
_a
Prentice Hall
942
_2
ddc
_c
BKS
999
_c
25291
_d
25291